Memorandum to Parliament from The Hon. Minister For Finance Parliamentary On Request For Approval For The 2015 Eurobond of up To USD (Record no. 2996)

MARC details
000 -LEADER
fixed length control field 00584nam a2200145Ia 4500
008 - FIXED-LENGTH DATA ELEMENTS--GENERAL INFORMATION
fixed length control field 240429s9999||||xx |||||||||||||| ||und||
041 ## - LANGUAGE CODE
Language code of text/sound track or separate title eng
082 ## - DEWEY DECIMAL CLASSIFICATION NUMBER
Classification number PM/EUROBD/15
100 ## - MAIN ENTRY--PERSONAL NAME
Personal name Parliament of Ghana
245 #0 - TITLE STATEMENT
Title Memorandum to Parliament from The Hon. Minister For Finance Parliamentary On Request For Approval For The 2015 Eurobond of up To USD
-- .5 Billion 2015
300 ## - PHYSICAL DESCRIPTION
Extent 4p
650 ## - SUBJECT ADDED ENTRY--TOPICAL TERM
Topical term or geographic name entry element Memorandum to Parliament from The Hon. Minister For Finance Parliamentary - On Request For Approval For The 2015 Eurobond of up To USD
Real World Object URI .5 Billion 2015
942 ## - ADDED ENTRY ELEMENTS (KOHA)
Koha item type Annual Report
Holdings
Withdrawn status Lost status Damaged status Not for loan Home library Current library Shelving location Date acquired Total checkouts Full call number Date last seen Copy number Price effective from Koha item type
        Main Library Main Library Reference 03/05/2023   PM/EUROBD/15 5774 C1 29/04/2024 1 29/04/2024 Annual Report
©2026  Parliament of Ghana Library - All rights reserved